Statistiken für Länder mit den meisten Nobelpreisen

Klicken Sie hier um das Quiz zu spielen!

Allgemein

  • Dieses Quiz wurde 17.209 mal gespielt
  • Das Durchschnittsergebnis liegt bei 15 aus 18

Antwortstatistiken

#Land% Korrekt
371Vereinigte Staaten
100%
107Deutschland
99%
68Frankreich
97%
26Russland / Sowjetunion
94%
127Vereinigtes Königreich
92%
20Italien
91%
31Schweden
91%
25Kanada
89%
13Norwegen
88%
26Japan
86%
21Österreich
85%
14Polen
85%
26Schweiz
84%
21Niederlande
75%
12Australien
74%
13Dänemark
72%
13Ungarn
47%
12Israel
30%

Verteilung der Resultate

Perzentil nach korrekt beantworteten Fragen

Anzahl Personen mit jedem Resultat

Ihre Resultats-Entwicklung

Sie haben dieses Quiz noch nicht gespielt